South Eastern Kenya University

Library Online Public Access Catalogue


Quality indicators : (Record no. 13505)

MARC details
000 -LEADER
fixed length control field 00672cam a22001814a 4500
020 ## - ISBN
International Standard Book Number 0890422915 (alk. paper)
050 00 - LIBRARY OF CONGRESS CALL NUMBER
Classification Number RA790.5
Item Number .A63 2002
245 10 - TITLE
Title Quality indicators :
Remainder of title defining and measuring quality in psychiatric care for adults and children : report of the APA Task Force on Quality Indicators and report of the APA Task Force on Quality Indicators for Children and Adolescents.
250 ## - EDITIONSTATEMENT
Edition statement 1st ed.
260 ## - PUBLICATION, DISTRIBUTION, ETC.(IMPRINT)
Place of publication, distribution, etc Washington, D.C. :
Name of publisher, distributor, etc American Psychiatric Association,
Date of publication, distribution, etc c2002.
300 ## - PHYSICAL DESCRIPTION
Extent xi, 205 p. ;
650 #0 - SUBJECT--TOPIC
General subdivision Standards.
650 12 - SUBJECT--TOPIC
General subdivision standards.
650 22 - SUBJECT--TOPIC
General subdivision standards.
650 22 - SUBJECT--TOPIC
General subdivision standards.
650 22 - SUBJECT--TOPIC
General subdivision standards.
942 ## - ADDED ENTRY ELEMENTS(KOHA)
Source of classification or shelving scheme Library of Congress Classification
Koha item type General circulation
Holdings
Source of classification or shelving scheme Not for loan Location (home branch) Sublocation (holding branch) Shelving location Date accessioned Full call number Barcode Koha item type Public note
Library of Congress Classification   Main Campus Library Main Campus Library   10/05/2016 RA 790.5 .A63 2002 2016/017512 General circulation amm
Kitui, Kenya.
+254736116989
library@seku.ac.ke